| 000 | 00607nam a2200217 4500 | ||
|---|---|---|---|
| 003 | OSt | ||
| 005 | 20240620063642.0 | ||
| 006 | a | ||
| 008 | 240620b |||||||| |||| 00| 0 eng d | ||
| 020 | _a9780756633912 | ||
| 040 |
_aDWCL-HMN lib. _cOC |
||
| 082 | _aCirc. 621.932 T858k 2008 | ||
| 245 | _aKnife skills in the kitchen / | ||
| 260 |
_aLondon : _bDK Pub., _cc2008. |
||
| 300 |
_b224 p. : col. ill. ; _c22 cm. |
||
| 504 | _aIncludes bibliographical references & index. | ||
| 650 | _a1. Knives. | ||
| 650 | _a2. Cutting. | ||
| 700 | _aCharlie Trotter...[et al] | ||
| 942 |
_2ddc _n0 _cBK-CIRC _kCirc. |
||
| 999 |
_c992 _d992 |
||